000 00709nam a22002057a 4500
005 20171121161827.0
010 _aENG-120808-809
020 _a9788131252338(vol-1)
_c3950.00 (set of 2 vols)
020 _a9788131252338(vol-2)
_c3950.00 (set of 2 vols)
035 _aEN-104340-341
037 _bDBAD/PUB
082 _a346.54092
100 _aBhaskar,Shalashhri
245 _aManual on SEBI regulations /
_bby Shalashhri Bhaskar
250 _a1st ed.
260 _aGurgaon
_bLexis Nexis
_c2017
270 _a 14th floor,Building N0-10,Tower-B,DLF Cyber City,Phase-II
_bGurgaon
_e122002
300 _a2-vols( xvii,1-1621 ; xvi,1623-3162 )
_c24cm(Hb)
942 _2ddc
_cEN
_h346.54092
_mBHA
999 _c144996
_d144996